[Event "Titled Tue 27th May Early"]
[Site "chess.com INT"]
[Date "2025.05.27"]
[Round "7"]
[White "Tristan, Leonardo"]
[Black "Yilmaz, Mustafa"]
[Result "0-1"]
[WhiteTitle "GM"]
[BlackTitle "GM"]
[WhiteElo "2536"]
[BlackElo "2586"]
[WhiteFideId "113816"]
[BlackFideId "6302718"]
[EventDate "2025.05.27"]

1. d4 Nf6 2. Nf3 e6 3. Bf4 c5 4. e3 Nc6 5. c3 h6 6. h3 d5 7. Nbd2 Bd6 8. Bxd6
Qxd6 9. Bd3 O-O 10. O-O e5 11. dxc5 Qxc5 12. e4 Be6 13. Qe2 Rfe8 14. Rfe1 Rad8
15. Rad1 Qb6 16. exd5 Bxd5 17. Nc4 Bxc4 18. Bxc4 Rxd1 19. Rxd1 e4 20. Nd4 Ne5
21. Bb3 Nd3 22. Bc2 Nf4 23. Qd2 N6d5 24. Bb3 e3 25. fxe3 Nxe3 26. Rf1 Nxh3+ 27.
gxh3 Qg6+ 28. Kh1 Nxf1 29. Qf2 Ng3+ 30. Kh2 Ne4 31. Qf3 Qd6+ 32. Kg2 Qg6+ 33.
Kh2 Qf6 34. Qe3 Qf2+ 35. Qxf2 Nxf2 36. Bd5 Nd3 37. Bxb7 Nxb2 38. Nb5 a5 39. Bd5
Re2+ 40. Kg3 Kf8 41. c4 Nd3 42. Kf3 Rxa2 43. Ke3 Nc5 44. Kd4 Nb3+ 45. Kc3 a4 46.
Kb4 Ra1 47. c5 Nxc5 48. Kxc5 a3 49. Nc3 f5 50. Kb4 Ke7 51. Bb3 Kf6 52. Nd5+ Ke5
53. Ne3 g5 54. Nc2 Rh1 55. Nxa3 Rxh3 56. Nc4+ Kf4 57. Nd6 Rxb3+ 58. Kxb3 h5 59.
Kc3 h4 60. Kd2 h3 61. Nc4 h2 62. Ne3 h1=Q 0-1

[Event "Titled Tue 27th May Early"]
[Site "chess.com INT"]
[Date "2025.05.27"]
[Round "7"]
[White "Burmakin, Vladimir"]
[Black "Vakhidov, Jakhongir"]
[Result "1/2-1/2"]
[WhiteTitle "GM"]
[BlackTitle "GM"]
[WhiteElo "2435"]
[BlackElo "2546"]
[WhiteFideId "4105109"]
[BlackFideId "14201801"]
[EventDate "2025.05.27"]

1. d4 Nf6 2. Nf3 g6 3. Bf4 Bg7 4. e3 O-O 5. Be2 Nh5 6. Bg5 h6 7. Bh4 g5 8. Nfd2
gxh4 9. Bxh5 e5 10. dxe5 d6 11. Nc3 dxe5 12. O-O Nc6 13. Nde4 f5 14. Nc5 b6 15.
Qxd8 Rxd8 16. Nd3 e4 17. Nf4 Bxc3 18. bxc3 Ne5 19. Rfd1 Ba6 20. Nd5 Bc4 21. Ne7+
Kh7 22. Nxf5 Rxd1+ 23. Bxd1 Rd8 24. Nxh4 Bxa2 25. Bh5 Bf7 26. Bxf7 Nxf7 27. Kf1
a5 28. Ke2 Nd6 29. Rd1 Re8 30. g4 Re5 31. Nf5 Nxf5 32. gxf5 Rc5 33. Rd7+ Kg8 34.
Kd2 a4 35. Re7 Rxf5 36. Rxe4 Rxf2+ 37. Kd3 b5 38. Rb4 Rf5 39. c4 bxc4+ 40. Kc3
Ra5 41. Kb2 a3+ 42. Ka2 Re5 43. Kxa3 Rxe3+ 44. Kb2 c3+ 45. Kb3 Rh3 46. Rc4 Rxh2
47. Rxc3 h5 48. Rxc7 h4 49. Kb2 Rg2 50. Rc4 h3 51. Rh4 h2 52. Kb3 Kg7 53. c4 Kg6
54. Kb4 Kg5 55. Rh8 Kf4 56. c5 Rg4 57. Kb5 Kg3 58. Rxh2 Kxh2 59. c6 Rg7 60. Kb6
Rg6 61. Kb7 Rxc6 62. Kxc6 1/2-1/2

[Event "Titled Tue 27th May Early"]
[Site "chess.com INT"]
[Date "2025.05.27"]
[Round "7"]
[White "Tsydypov, Zhamsaran"]
[Black "Tahbaz, Arash"]
[Result "1-0"]
[WhiteTitle "GM"]
[BlackTitle "IM"]
[WhiteElo "2514"]
[BlackElo "2462"]
[WhiteFideId "4108566"]
[BlackFideId "12528846"]
[EventDate "2025.05.27"]

1. e4 d5 2. exd5 Qxd5 3. Nc3 Qa5 4. d4 Nf6 5. Nf3 c6 6. Ne5 Be6 7. Bd3 g6 8. O-O
Bg7 9. Re1 O-O 10. h3 Qb6 11. Nf3 c5 12. Na4 Qd6 13. Nxc5 Bd5 14. c3 b6 15. Nb3
a5 16. Ne5 Nbd7 17. Bf4 Nh5 18. Bh2 Bxe5 19. dxe5 Qc6 20. Nd4 Qb7 21. Bf1 Ng7
22. c4 Bc6 23. Nxc6 Qxc6 24. Qd5 Qc8 25. Qb5 Rd8 26. Rad1 Ne6 27. g4 Qc7 28. Bg3
Ndc5 29. Bg2 Rac8 30. Bd5 Qa7 31. Bg2 Nd4 32. Rxd4 Rxd4 33. Bh4 Rcd8 34. Bf3 Qc7
35. Bg3 Ne6 36. Bd5 Rd3 37. Kh2 Nd4 38. Qa6 Rxd5 39. e6 Rxg3 40. fxg3 Nf3+ 41.
Kh1 Rd2 42. Qa8+ Kg7 43. Qxf3 f6 44. b3 Qc5 45. Rd1 Qd6 46. Rxd2 Qxd2 47. a3
Qe1+ 48. Kg2 Qxe6 49. Kf2 a4 50. Qd3 axb3 51. Qxb3 Qd6 52. Qe3 e5 53. h4 h6 54.
Ke2 f5 55. Qd3 Qc6 56. gxf5 e4 57. Qd4+ Kf7 58. Qd5+ Qxd5 59. fxg6+ Kxg6 60.
cxd5 Kf5 61. Ke3 h5 62. d6 Ke6 63. Kxe4 Kxd6 64. Kf5 b5 65. g4 hxg4 66. Kxg4 Ke6
67. Kf4 b4 68. axb4 1-0

[Event "Titled Tue 27th May Early"]
[Site "chess.com INT"]
[Date "2025.05.27"]
[Round "7"]
[White "Preobrazhenskaya, Diana"]
[Black "Salimova, Asal"]
[Result "1-0"]
[WhiteTitle "WFM"]
[BlackTitle "WCM"]
[WhiteElo "2103"]
[BlackElo "2003"]
[WhiteFideId "34270566"]
[BlackFideId "14204940"]
[EventDate "2025.05.27"]

1. e4 c5 2. Nf3 d6 3. d4 cxd4 4. Nxd4 Nf6 5. Nc3 a6 6. Bg5 e6 7. f4 Nbd7 8. Qf3
Qc7 9. O-O-O Be7 10. g4 b5 11. Bxf6 Nxf6 12. g5 Nd7 13. f5 Nc5 14. f6 gxf6 15.
gxf6 Bf8 16. a3 Bb7 17. Bh3 O-O-O 18. Nd5 Bxd5 19. exd5 Bh6+ 20. Kb1 Rhe8 21.
Rhe1 Kb7 22. dxe6+ d5 23. Qh5 Bf4 24. Qxf7 Nxe6 25. Bxe6 Rf8 26. Qxc7+ Bxc7 27.
f7 Bxh2 28. Rh1 Be5 29. Rxh7 Bxd4 30. Rxd4 Kc6 31. Rh5 Rd6 32. Bxd5+ Kc5 33. Rd3
Rf6 34. Ka2 Kb6 35. Bb3 a5 36. a4 bxa4 37. Bc4 Rf4 38. Rb5+ Kc6 39. b3 axb3+ 40.
cxb3 Rf2+ 41. Ka3 Ra8 42. Re5 Rf8 43. Bd5+ Kc5 44. Re8 R2xf7 45. Bxf7 Rxf7 46.
Rc8+ Kb6 47. Rd6+ Kb7 48. Rcc6 Rf2 49. Rb6+ Kc7 50. Rdc6+ Kd7 51. Rc5 Rf3 52.
Rxa5 Kc7 53. Rb4 Kc6 54. Rab5 Kc7 55. Rc5+ Kd7 56. Rd4+ Ke6 57. Kb4 Rf1 58. Rc3
Rf8 59. Re3+ Kf7 60. Rf4+ Kg8 61. Rg3+ Kh7 62. Rh4# 1-0

[Event "Titled Tue 27th May Early"]
[Site "chess.com INT"]
[Date "2025.05.27"]
[Round "7"]
[White "Swara Lakshmi S Nair"]
[Black "Reprintsev, Alexander"]
[Result "0-1"]
[WhiteTitle "WCM"]
[BlackTitle "IM"]
[WhiteElo "2178"]
[BlackElo "2256"]
[WhiteFideId "25629239"]
[BlackFideId "14100541"]
[EventDate "2025.05.27"]

1. e4 e5 2. Nf3 Nc6 3. d4 exd4 4. Nxd4 Nf6 5. Nc3 Bb4 6. Nxc6 bxc6 7. Bd3 d5 8.
exd5 cxd5 9. O-O O-O 10. h3 h6 11. Qf3 c6 12. Bf4 a5 13. Rad1 Ba6 14. Ne2 Bxd3
15. Rxd3 Bd6 16. c4 Qb8 17. cxd5 cxd5 18. Rb3 Qd8 19. Rd1 Ra6 20. Rbd3 Qb8 21.
Bxh6 Qxb2 22. R3d2 Qb4 23. Rd4 Qa3 24. Nc3 Be5 25. R4d3 gxh6 26. Nxd5 Qd6 27.
Ne3 Qe6 28. Nf5 Kh7 29. Re1 Re8 30. Rde3 Nd7 31. Qe4 Qg6 32. Qb7 Rae6 33. Nh4
Qf6 34. Nf3 Nc5 35. Qb1+ Qg6 36. Qxg6+ fxg6 37. Rxe5 Rxe5 38. Rxe5 Rc8 39. Nd4
a4 40. Re7+ Kg8 41. Ra7 Rd8 42. Nc2 Rd1+ 43. Kh2 Rd2 44. Nb4 Rxf2 45. Ra5 Rf5
46. g4 Rf4 47. Rxc5 Rxb4 48. Rc2 a3 49. Kg3 Rb2 50. Rf2 g5 51. Kf3 Kg7 52. Ke3
Kg6 53. Rd2 Kf6 54. Kd3 Rb1 55. Kc3 Rh1 56. Rd3 Rb1 57. Kc2 Rb2+ 58. Kc1 Rxa2
59. Kb1 Rh2 60. Rxa3 Ke5 61. Rf3 Ke4 62. Ra3 Kf4 63. Kc1 Rg2 0-1

[Event "Titled Tue 27th May Early"]
[Site "chess.com INT"]
[Date "2025.05.27"]
[Round "7"]
[White "Kriti, Mayur Patel"]
[Black "Yushko, Olga"]
[Result "1-0"]
[WhiteTitle "WCM"]
[BlackTitle "WFM"]
[WhiteElo "1695"]
[BlackElo "2036"]
[WhiteFideId "35061780"]
[BlackFideId "14114500"]
[EventDate "2025.05.27"]

1. e4 Nf6 2. e5 Nd5 3. d4 d6 4. c4 Nb6 5. Nf3 dxe5 6. Nxe5 Bf5 7. Nc3 e6 8. Be2
Be7 9. O-O O-O 10. Bf3 c6 11. c5 Nd5 12. Ne4 Nd7 13. Nc4 Bxe4 14. Bxe4 N7f6 15.
Bc2 Nb4 16. Bb1 Qd5 17. Ne3 Qd7 18. a3 Na6 19. Nc4 Rfd8 20. Be3 Bxc5 21. dxc5
Qxd1 22. Bxh7+ Kxh7 23. Raxd1 Nd5 24. b4 Nac7 25. Nd6 f6 26. Nxb7 Rd7 27. Na5
Nb5 28. Nxc6 Nxa3 29. Rd3 Nb5 30. Rfd1 Rc7 31. Nd4 Rb8 32. Nxe6 Nxb4 33. Nxc7
Nxd3 34. Nxb5 Rxb5 35. c6 Rb3 36. c7 Rc3 37. Kf1 Nxf2 38. Bxf2 Rxc7 39. Ra1 Kg6
40. Rxa7 Rc1+ 41. Ke2 Rc2+ 42. Kf3 Rc3+ 43. Be3 Kf5 44. Ra5+ Kg6 45. Kf2 Rc2+
46. Kg3 Rc3 47. Kf4 Rc4+ 48. Kf3 Rc3 49. Rd5 Kf7 50. h3 Ke6 51. Ra5 f5 52. Ke2
Rc2+ 53. Kf1 Kf6 54. Bd4+ Kg6 55. Ra7 Rc1+ 56. Kf2 Rc2+ 57. Kg3 Rd2 58. Rxg7+
Kh5 59. Be3 Rd3 60. Kf3 f4 61. Kxf4 Kh6 62. Re7 Kg6 63. Re6+ Kf7 64. Re4 Rd1 65.
g4 Rf1+ 66. Kg5 Rh1 67. h4 1-0

[Event "Titled Tue 27th May Early"]
[Site "chess.com INT"]
[Date "2025.05.27"]
[Round "7"]
[White "Piddubna, Bozhena"]
[Black "Rozman, Levy"]
[Result "1/2-1/2"]
[WhiteTitle "WFM"]
[BlackTitle "IM"]
[WhiteElo "2174"]
[BlackElo "2324"]
[WhiteFideId "34109293"]
[BlackFideId "2039877"]
[EventDate "2025.05.27"]

1. d4 g6 2. Nf3 Bg7 3. c4 d6 4. g3 Bd7 5. Bg2 Qc8 6. O-O Bh3 7. Nc3 h5 8. e4 h4
9. Re1 hxg3 10. fxg3 Nc6 11. Be3 Bxg2 12. Kxg2 Qh3+ 13. Kg1 Nf6 14. Nd5 O-O-O
15. Qc2 Ng4 16. Qg2 Qxg2+ 17. Kxg2 e6 18. Nc3 Nxe3+ 19. Rxe3 Nxd4 20. Nxd4 Bxd4
21. Rf3 f5 22. exf5 gxf5 23. Rd1 Be5 24. Nb5 a6 25. Nd4 Rh6 26. b3 Rdh8 27. h4
Rg6 28. Kh3 Kd7 29. Ne2 Rg4 30. Rdd3 Ke7 31. Rfe3 a5 32. c5 a4 33. cxd6+ cxd6
34. bxa4 Rxa4 35. Rb3 Rxa2 36. Rxb7+ Kf6 37. Rb6 Ra4 38. Nc3 Ra3 39. Nd5+ exd5
40. Rxa3 d4 41. Rd3 Ke6 42. Rb4 Kd5 43. Rd1 Rg8 44. Rd3 Ke4 45. Rbb3 Rc8 46. Rd1
Rc3 47. Rxc3 dxc3 48. g4 fxg4+ 49. Kxg4 d5 50. Re1+ Kd4 51. Re2 Bh8 52. h5 Kd3
53. Kf3 c2 54. Re3+ Kc4 55. Re1 d4 56. Re8 Kb3 57. Rb8+ Ka2 58. Ra8+ Kb3 59.
Rb8+ Kc3 60. Rxh8 d3 61. Rc8+ Kd2 62. h6 c1=Q 63. Rxc1 Kxc1 64. h7 d2 65. h8=Q
d1=Q+ 66. Kf4 Qd2+ 67. Kf5 Qf2+ 68. Kg6 Qc2+ 69. Kh6 Qh2+ 70. Kg7 Qe5+ 71. Kg8
Qxh8+ 72. Kxh8 1/2-1/2

[Event "Titled Tue 27th May Early"]
[Site "chess.com INT"]
[Date "2025.05.27"]
[Round "7"]
[White "Karimova, Guldona"]
[Black "Rubes, Jan"]
[Result "0-1"]
[WhiteTitle "WIM"]
[BlackTitle "IM"]
[WhiteElo "2265"]
[BlackElo "2426"]
[WhiteFideId "14210410"]
[BlackFideId "338176"]
[EventDate "2025.05.27"]

1. e4 e5 2. Nf3 Nc6 3. d4 exd4 4. Nxd4 Qf6 5. Nf3 Bb4+ 6. c3 Bc5 7. b4 Bb6 8. a4
a5 9. b5 Ne5 10. Be2 d6 11. O-O Ne7 12. Nd4 Qg6 13. f4 Bh3 14. Rf2 Ng4 15. Bxg4
Bxg4 16. Qd3 f5 17. e5 O-O-O 18. h3 Bh5 19. Be3 Nd5 20. Na3 dxe5 21. fxe5 f4 22.
Qxg6 Bxg6 23. Bd2 Nxc3 24. Bxc3 Bxd4 25. Bxd4 Rxd4 26. Nc2 Rc4 27. Ne1 Re8 28.
Nf3 Be4 29. Re2 h6 30. Kf2 g5 31. Raa2 Bxf3 32. gxf3 Kd7 33. Rad2+ Ke6 34. Rc2
Rxc2 35. Rxc2 Re7 36. Rc5 Kd7 37. Ke2 b6 38. Rd5+ Ke6 39. Rd4 Kxe5 40. Kd3 Re6
41. Rc4 Rd6+ 42. Ke2 Rd7 43. Rc6 Kd5 44. Rxh6 Kc4 45. Rg6 Rd5 46. Rf6 Kb4 47.
Rc6 Rc5 48. Re6 Kxa4 49. Re4+ Kxb5 50. h4 gxh4 51. Rxf4 Rh5 52. Rd4 a4 53. Rd1
a3 54. Rb1+ Ka4 55. Rh1 b5 56. f4 b4 57. Kd3 h3 58. Kc4 h2 59. f5 a2 60. f6 Rh4+ 0-1

[Event "Titled Tue 27th May Early"]
[Site "chess.com INT"]
[Date "2025.05.27"]
[Round "7"]
[White "Gabrielian, Artur"]
[Black "Xiong, Jeffery"]
[Result "1/2-1/2"]
[WhiteTitle "GM"]
[BlackTitle "GM"]
[WhiteElo "2419"]
[BlackElo "2636"]
[WhiteFideId "4131002"]
[BlackFideId "2047640"]
[EventDate "2025.05.27"]

1. Nf3 c5 2. g3 Nc6 3. c4 g6 4. Bg2 Bg7 5. O-O d6 6. Nc3 Bf5 7. b3 Bxc3 8. dxc3
Qd7 9. Re1 Nf6 10. Bh6 Rg8 11. Qd2 Ne4 12. Qe3 Nf6 13. Bg5 Ne4 14. Bh6 Nf6 15.
Bg5 O-O-O 16. b4 Qe6 17. bxc5 dxc5 18. Qxc5 Ne4 19. Qa3 Qxc4 20. Bxe7 Rd7 21.
Bb4 Rgd8 22. e3 a5 23. Bxa5 Qa6 24. Bb4 Qxa3 25. Bxa3 Nxc3 26. Nd4 Nxd4 27. exd4
Rxd4 28. Be7 Re8 29. Bf6 Rxe1+ 30. Rxe1 Ne2+ 31. Kh1 Rd2 32. Bf3 Nd4 33. Bxd4
Rxd4 34. Kg2 Be6 35. Rb1 Rd7 36. a4 Kb8 37. a5 Ka7 38. Rb5 h5 39. h4 Rc7 40. Rb6
Rd7 41. Rb5 Rc7 42. Rb6 Bc8 43. Rb5 Ka6 44. Re5 Be6 45. Be2+ Ka7 46. Bf3 Bc4 47.
Be4 Ka6 48. f3 Rd7 49. g4 hxg4 50. fxg4 Rd4 51. Kf3 Be6 52. h5 gxh5 53. gxh5 Rd1
54. h6 Rh1 55. h7 Rh3+ 56. Kg2 Rh4 57. Kf3 Rh3+ 58. Kf4 Rh4+ 59. Ke3 Rh2 60. Rg5
f5 61. Rg6 fxe4 62. Rxe6+ Kxa5 63. Re7 b5 64. Kxe4 Rh3 65. Kf5 b4 66. Kg6 b3 67.
Rb7 Ka4 68. Rxb3 Kxb3 69. Kg7 Rxh7+ 70. Kxh7 1/2-1/2

[Event "Titled Tue 27th May Early"]
[Site "chess.com INT"]
[Date "2025.05.27"]
[Round "7"]
[White "Pham, Le Thao Nguyen"]
[Black "Fikiet, Alex"]
[Result "1/2-1/2"]
[WhiteTitle "IM"]
[WhiteElo "2388"]
[BlackElo "2151"]
[WhiteFideId "12401226"]
[BlackFideId "2052717"]
[EventDate "2025.05.27"]

1. d4 Nf6 2. Nf3 b6 3. Bf4 Bb7 4. e3 g6 5. h3 Bg7 6. Be2 O-O 7. O-O d6 8. a4 a6
9. c4 c5 10. Nc3 Ne4 11. Nxe4 Bxe4 12. Nd2 Bb7 13. Bf3 Bxf3 14. Nxf3 Nc6 15. Rc1
e5 16. dxe5 dxe5 17. Bg5 Qc7 18. Nd2 h6 19. Bh4 f5 20. f3 g5 21. Bf2 Rad8 22.
Qe2 Nb4 23. e4 f4 24. Nb1 Qd7 25. Nc3 Qd2 26. Rfe1 Qxe2 27. Rxe2 Nd3 28. Rd1
Nxf2 29. Kxf2 Rxd1 30. Nxd1 Rd8 31. Ke1 Rd4 32. b3 Bf6 33. Rd2 Kf7 34. Nc3 Ke6
35. Nd5 Bd8 36. Ke2 Kd6 37. Ra2 Kc6 38. Rc2 Kd6 39. Nc3 Kc6 40. Ke1 Kd6 41. Ne2
Rd3 42. Rd2 Rxd2 43. Kxd2 Kc6 44. Nc3 Bf6 45. Kd3 Bd8 46. Nd5 Kd6 47. Ke2 Kc6
48. Kf2 Kd6 49. g3 Kc6 50. Kg2 Kd6 51. Nc3 Ke6 52. Nd1 Kd6 53. Nf2 Ke6 54. Ng4
h5 55. Nh6 Kf6 56. Nf5 Ke6 57. Ng7+ Kf6 58. Nxh5+ Kg6 59. g4 Be7 60. a5 bxa5 61.
Kf2 Bd8 62. Ke2 a4 63. bxa4 Ba5 64. Kf2 Bb4 65. Ke2 Ba5 66. Kf2 Bd8 67. Kg2 Bc7
68. Kf2 Bd8 69. Ke2 Bc7 70. Kd3 Bd8 71. Kc3 Ba5+ 72. Kd3 Bd8 73. Ke2 1/2-1/2

[Event "Titled Tue 27th May Early"]
[Site "chess.com INT"]
[Date "2025.05.27"]
[Round "7"]
[White "Tarasov, Igor"]
[Black "Toroptseva, Yevheniia"]
[Result "0-1"]
[WhiteTitle "FM"]
[BlackTitle "WFM"]
[WhiteElo "2256"]
[BlackElo "2064"]
[WhiteFideId "4120256"]
[BlackFideId "34109374"]
[EventDate "2025.05.27"]

1. d4 g6 2. c4 Bg7 3. Nc3 e6 4. e4 Ne7 5. Nf3 O-O 6. Be2 d5 7. O-O dxe4 8. Nxe4
b6 9. Be3 Bb7 10. Nc3 Nf5 11. Qd2 Qe7 12. Bg5 f6 13. Be3 Rd8 14. Rfd1 c5 15. d5
e5 16. Ne4 Nd6 17. Bd3 Nxe4 18. Bxe4 Rd6 19. Bc2 a5 20. a3 f5 21. Bg5 Qf7 22.
Bh6 e4 23. Bxg7 Qxg7 24. Ng5 Bc8 25. Qf4 Qf6 26. Rab1 Na6 27. f3 exf3 28. Nxf3
Ra7 29. Re1 Re7 30. Rxe7 Qxe7 31. Re1 Qd8 32. Qe5 Nc7 33. h4 Ba6 34. b3 a4 35.
h5 axb3 36. Bxb3 b5 37. hxg6 hxg6 38. Qf4 Qf6 39. cxb5 Bxb5 40. Ng5 c4 41. Bc2
Nxd5 42. Qh4 Rd7 43. Nf3 Re7 44. Qxf6 Rxe1+ 45. Nxe1 Nxf6 46. Kf2 Nd5 47. Kf3
Kf7 48. g4 Kf6 49. gxf5 gxf5 50. Ng2 Ke5 51. Ne3 Nxe3 52. Kxe3 f4+ 53. Ke2 Kd4
54. a4 Bc6 55. a5 Kc3 56. Bd1 f3+ 57. Kf2 Kd2 58. Bxf3 Bxf3 59. Kxf3 c3 60. a6
c2 61. a7 c1=Q 62. a8=Q Qh1+ 63. Kf4 Qxa8 64. Kf5 Kd3 65. Kf6 Qe4 66. Kf7 Kd4
67. Kf8 Kd5 68. Kg8 Qe6+ 69. Kh8 Qd7 70. Kg8 Ke6 71. Kh8 Kf6 0-1

[Event "Titled Tue 27th May Early"]
[Site "chess.com INT"]
[Date "2025.05.27"]
[Round "7"]
[White "Madhesh Kumar S"]
[Black "Bold, Andre"]
[Result "1-0"]
[WhiteTitle "CM"]
[BlackTitle "CM"]
[WhiteElo "2243"]
[BlackElo "2235"]
[WhiteFideId "25168649"]
[BlackFideId "16208471"]
[EventDate "2025.05.27"]

1. e4 c5 2. Nf3 Nc6 3. b4 cxb4 4. d4 d5 5. exd5 Qxd5 6. c4 bxc3 7. Nxc3 Qa5 8.
Rb1 Qxc3+ 9. Bd2 Qa3 10. d5 e6 11. dxc6 bxc6 12. Qc2 Qc5 13. Qa4 Nf6 14. Be2 Nd5
15. O-O Be7 16. Rbc1 Qd6 17. Nd4 O-O 18. Nxc6 Bd7 19. Nxe7+ Qxe7 20. Qa5 h6 21.
Bf3 Rfc8 22. Bxd5 exd5 23. Qxd5 Be6 24. Qa5 Qd7 25. Bc3 Qd5 26. Qb4 Rc4 27. Qb2
Rg4 28. f3 Rg6 29. a3 Rc8 30. Bb4 Rxc1 31. Qxc1 Bh3 32. Rf2 Qd4 33. g3 Be6 34.
Qd2 Qc4 35. Kg2 Kh7 36. Qc2 Qd5 37. Rd2 Qb5 38. Rd4 a5 39. Be1 Bb3 40. Qd2 a4
41. Bf2 Qc6 42. Qf4 Qc2 43. Qe4 Qxe4 44. Rxe4 Rc6 45. Be1 Rc2+ 46. Kh3 Ra2 47.
Bb4 f6 48. g4 Kg6 49. Kg3 Bd5 50. Re3 Rb2 51. Rd3 Bc6 52. Rd6 Bb5 53. Rb6 Bc4
54. Rb7 Rb3 55. Rd7 Be2 56. Bf8 Rxf3+ 57. Kg2 f5 58. Rxg7+ Kf6 59. gxf5 Rxf5 60.
Ra7 Ke6 61. Bb4 Rg5+ 62. Kf2 Bd1 63. Re7+ Kf5 64. Rd7 Bb3 65. Rd4 Kg6 66. Rd6+
Kh5 67. Bd2 Rf5+ 68. Kg3 1-0

[Event "Titled Tue 27th May Early"]
[Site "chess.com INT"]
[Date "2025.05.27"]
[Round "7"]
[White "Wijerathna, Vinuka Dihain"]
[Black "Vera Gonzalez-Quevedo, Reynaldo"]
[Result "1-0"]
[WhiteTitle "CM"]
[BlackTitle "GM"]
[WhiteElo "2063"]
[BlackElo "2299"]
[WhiteFideId "29981905"]
[BlackFideId "3500055"]
[EventDate "2025.05.27"]

1. e4 c5 2. Nf3 d6 3. Bb5+ Nd7 4. d4 Nf6 5. Nc3 cxd4 6. Qxd4 a6 7. Bxd7+ Qxd7 8.
O-O e6 9. Bg5 Be7 10. Rad1 b5 11. a4 Bb7 12. axb5 axb5 13. e5 Bxf3 14. exf6 gxf6
15. Bxf6 Rg8 16. g3 Bxf6 17. Qxf6 Bb7 18. Rd3 b4 19. Ne2 Qc6 20. f3 Qxc2 21. Nf4
Qc5+ 22. Kh1 Qe5 23. Qxe5 dxe5 24. Nh5 Rg6 25. Rb3 Ra4 26. h4 Bd5 27. Re3 f6 28.
Kh2 Ra2 29. Rf2 Ke7 30. g4 Kd6 31. Ng3 b3 32. h5 Rg8 33. Rd2 Rc8 34. Ne4+ Ke7
35. Nc3 Rc5 36. Nxd5+ Rxd5 37. Rde2 Rb5 38. Kg3 Kd6 39. f4 exf4+ 40. Kxf4 Ra4+
41. Kg3 Rd4 42. Rf2 Ke7 43. Rfe2 e5 44. Re4 Rbb4 45. Rxd4 Rxd4 46. Re3 Rb4 47.
Rf3 Ke6 48. Rc3 Kd5 49. Rf3 Rc4 50. Rxb3 e4 51. Rb6 Ke5 52. Rb5+ Kd4 53. Rb6 e3
54. Rxf6 Rc2 55. Re6 Kd3 56. g5 e2 57. g6 hxg6 58. hxg6 Rc6 59. Rxc6 1-0

[Event "Titled Tue 27th May Early"]
[Site "chess.com INT"]
[Date "2025.05.27"]
[Round "7"]
[White "Sklokin, Sergey"]
[Black "Gyurjinyan, Valter"]
[Result "1-0"]
[WhiteTitle "FM"]
[BlackTitle "CM"]
[WhiteElo "2311"]
[BlackElo "2208"]
[WhiteFideId "55730230"]
[BlackFideId "13318179"]
[EventDate "2025.05.27"]

1. d4 Nf6 2. c4 e6 3. Nf3 d5 4. g3 Be7 5. Bg2 O-O 6. O-O dxc4 7. Qc2 a6 8. a4
Bd7 9. Qxc4 Bc6 10. Bg5 Nbd7 11. Nc3 h6 12. Bxf6 Nxf6 13. e3 a5 14. Ne5 Bxg2 15.
Kxg2 c6 16. Qb3 Bb4 17. Rfd1 Bxc3 18. bxc3 Qd5+ 19. Qxd5 Nxd5 20. c4 Nb4 21. c5
Rfd8 22. Rab1 Ra7 23. Nc4 Nd5 24. Rb3 f6 25. Rdb1 Rd7 26. Nd6 Nb4 27. Nc8 Ra6
28. Nb6 Rd8 29. Nc4 e5 30. Nxa5 Rxa5 31. Rxb4 exd4 32. exd4 Ra7 33. Kf3 Rd7 34.
Ke3 Kf7 35. Kd3 Ke8 36. Kc3 Kd8 37. Ra1 Kc7 38. a5 Rd8 39. Rba4 Rda8 40. h4 h5
41. Re1 Rd8 42. Kc4 Rd7 43. Raa1 Ra8 44. Kc3 Rad8 45. Ra4 Ra8 46. Rb1 Re7 47.
Kd3 Ra7 48. Rb6 Rd7 49. a6 bxa6 50. Raxa6 Rxa6 51. Rxa6 Kb7 52. Ra2 Rd8 53. Re2
Rd7 54. Re8 g6 55. Rg8 g5 56. hxg5 fxg5 57. Rxg5 Rf7 58. f4 h4 59. gxh4 Rxf4 60.
h5 Rh4 61. d5 cxd5 62. Rxd5 Kc6 63. Rg5 Kd7 64. Ke3 Ke6 65. Kf3 Kf6 66. Rd5 Ke6
67. Rd6+ Kf5 68. h6 Kg5 69. c6 Rh3+ 70. Ke4 Rb3 71. h7 1-0

[Event "Titled Tue 27th May Early"]
[Site "chess.com INT"]
[Date "2025.05.27"]
[Round "7"]
[White "Aakash, G"]
[Black "Shuvalova, Polina"]
[Result "0-1"]
[WhiteTitle "FM"]
[BlackTitle "IM"]
[WhiteElo "2114"]
[BlackElo "2494"]
[WhiteFideId "25644394"]
[BlackFideId "24171760"]
[EventDate "2025.05.27"]

1. b3 Nf6 2. Bb2 g6 3. e4 Bg7 4. e5 Nd5 5. c4 Nf4 6. d4 d6 7. exd6 exd6 8. g3
Qe7+ 9. Ne2 Nh3 10. Nc3 c6 11. Qd2 O-O 12. Qe3 Qxe3 13. fxe3 Re8 14. e4 Bg4 15.
Bg2 Nd7 16. Rf1 h5 17. Kd2 Ng5 18. Kd3 c5 19. Nb5 Bxe2+ 20. Kxe2 Nxe4 21. Kd3
cxd4 22. b4 Rac8 23. Bxd4 a6 24. Bxe4 axb5 25. cxb5 b6 26. Bd5 Re7 27. Rae1 Ne5+
28. Bxe5 dxe5 29. Rd1 Rcc7 30. Ke4 Kh7 31. Bc6 f5+ 32. Kd5 e4 33. Rfe1 Re5+ 34.
Kd6 Ra7 35. Re2 Ree7 36. Rf1 Be5+ 37. Kd5 Bc3 38. Kc4 Be5 39. h3 Bxg3 40. Rg1 h4
41. Rd1 Ra3 42. Rd8 Be5 43. Ra8 Rxa8 44. Bxa8 Ra7 45. Bc6 Ra3 46. Kd5 Bf4 47.
Ke6 Rxh3 48. Kf6 Rg3 49. Rf2 Bg5+ 50. Kf7 h3 51. Be8 Be3 52. Rh2 f4 53. Kf6 f3
54. Bd7 f2 55. Bxh3 Rxh3 56. Rxh3+ Bh6 57. Rh1 e3 58. Rc1 e2 59. Rc7+ Bg7+ 60.
Rxg7+ Kh6 61. Rxg6+ Kh5 62. Kg7 f1=Q 63. Rxb6 e1=Q 64. Rh6+ Kg5 65. Rg6+ Kh4 66.
Rh6+ Kg4 67. Rg6+ Kf5 68. Rf6+ Ke5 69. Rg6 Qxb4 70. Rg5+ Qf5 71. Rxf5+ Kxf5 72.
Kf7 Qxb5 73. Ke7 Qa4 74. Kd6 Qxa2 75. Kc5 Qe6 76. Kd4 Qd6+ 77. Ke3 Qe5+ 78. Kf3
Qc3+ 79. Kf2 Ke4 80. Kg2 Kf4 81. Kh2 Qg3+ 82. Kh1 Qg4 83. Kh2 Kf3 84. Kh1 Qg2# 0-1

[Event "Titled Tue 27th May Early"]
[Site "chess.com INT"]
[Date "2025.05.27"]
[Round "7"]
[White "Jake Shanty"]
[Black "Aronian, Levon"]
[Result "1/2-1/2"]
[WhiteTitle "FM"]
[BlackTitle "GM"]
[WhiteElo "2252"]
[BlackElo "2747"]
[WhiteFideId "33478066"]
[BlackFideId "13300474"]
[EventDate "2025.05.27"]

1. Nf3 d5 2. e3 Nf6 3. b3 Bg4 4. Bb2 e6 5. Be2 Bd6 6. d4 Ne4 7. Nbd2 f5 8. O-O
O-O 9. Nxe4 fxe4 10. Nd2 Bf5 11. f4 c5 12. c3 Nc6 13. Rc1 cxd4 14. cxd4 g5 15.
g3 Bh3 16. Bg4 Bxf1 17. Bxe6+ Kh8 18. Qxf1 gxf4 19. gxf4 Bb4 20. Nxe4 Rg8+ 21.
Kh1 Rg6 22. Ng5 Kg7 23. Bf5 Qe7 24. Qh3 Rh8 25. Rg1 Nd8 26. Qf3 Bd2 27. Rg3 Re8
28. Bxg6 hxg6 29. Qxd5 Bxe3 30. Qe5+ Qxe5 31. fxe5 Bf4 32. Rg4 Bxg5 33. Rxg5 Ne6
34. Rg4 Rd8 35. Kg2 g5 36. Rg3 Kg6 37. Rf3 Nxd4 38. Rf6+ Kh5 39. Bxd4 Rxd4 40.
e6 Re4 41. Kg3 Re3+ 42. Kf2 Re5 43. Rf7 Rxe6 44. Rh7+ Kg4 45. Rxb7 a6 46. Kg2
Re2+ 47. Kg1 Rxa2 48. b4 Rb2 49. Rb6 Ra2 50. Rb7 Ra1+ 51. Kg2 Ra4 52. Rb6 Ra2+
53. Kg1 Kf4 54. Rf6+ Ke5 55. Rg6 Kf5 56. Rb6 g4 57. b5 a5 58. Rb8 Rb2 59. b6 Ke6
60. b7 Kd7 61. Ra8 Rxb7 62. Rxa5 Ke6 63. Rg5 Rb4 64. Kg2 Kf6 65. Rd5 Rb3 66. Rd2
Kg5 67. Rf2 Kh4 68. Re2 Rd3 69. Rf2 Re3 70. Rd2 Rf3 71. Rf2 Rxf2+ 72. Kxf2 Kh3
73. Kg1 g3 74. hxg3 Kxg3 1/2-1/2